|
|
|
|
| LEADER |
00000cas a2200000 a 4500 |
| 001 |
vtls011612027 |
| 003 |
SK-MaSNL |
| 005 |
20260228164434.0 |
| 008 |
170217d20152018xo fr p 0 b0slo |
| 022 |
|
|
|a 2585-8173
|
| 040 |
|
|
|a SNK
|b slo
|c SNK
|e AACR2
|
| 041 |
0 |
|
|a slo
|
| 043 |
|
|
|a e-xo---
|
| 044 |
|
|
|a xo
|c SK
|
| 072 |
|
7 |
|a 352/354
|x Stupne miestnej, oblastnej a ústrednej správy
|2 konspekt
|
| 072 |
|
7 |
|a 394
|x Verejný a spoločenský život. Každodenný život
|2 konspekt
|
| 072 |
|
7 |
|a 316.7
|x Sociológia kultúry. Kultúrny život
|2 konspekt
|
| 080 |
|
|
|a 352
|2 2011
|
| 080 |
|
|
|a 394
|2 2011
|
| 080 |
|
|
|a 316.728
|2 2011
|
| 080 |
|
|
|a 050
|2 2011
|
| 080 |
|
|
|a (437.6)
|2 2011
|
| 080 |
|
|
|a (051)+(054)
|2 2011
|
| 210 |
0 |
|
|a Naša rod. dedina Horný Vadičov
|
| 222 |
|
0 |
|a Naša rodná dedina Horný Vadičov
|
| 245 |
0 |
0 |
|a Naša rodná dedina Horný Vadičov
|b časopis občanov obce Horný Vadičov
|
| 260 |
|
|
|a Horný Vadičov
|b Obec Horný Vadičov
|c 2015-2018
|
| 300 |
|
|
|a 4 zv.
|c 30 cm
|
| 310 |
|
|
|a 2x ročne
|
| 362 |
0 |
|
|a Roč. I, č. 1 (dec. 2015) - roč. IV č. 2 (dec. 2018)
|z www.hornyvadicov.sk/2017 ; BA001/2019
|
| 500 |
|
|
|a Popis podľa roč. III, č. 1/júl 2017
|
| 500 |
|
|
|a Reg. číslo MK SR: EV 5462/17
|
| 650 |
0 |
7 |
|a miestna správa
|2 SNKPH
|9 29496
|
| 650 |
0 |
7 |
|a spoločenský život
|2 SNKPH
|9 28654
|
| 651 |
|
7 |
|a Horný Vadičov (Slovensko)
|2 SNKPHgeo
|9 263240
|
| 655 |
|
7 |
|a miestne periodiká
|2 SNKPH
|9 160938
|
| 856 |
|
|
|u http://www.hornyvadicov.sk/casopis-obcanov-obce-horny-vadicov-nasa-rodna-dedina-horny-vadicov/
|
| 910 |
|
|
|a snk
|
| 999 |
|
|
|c 13619
|d 15549
|
| 952 |
|
|
|0 0
|1 0
|3 Spoločne zviazané r. 2017-2018
|4 0
|7 0
|8 0
|a SNK
|b SNK
|d 2020-01-17
|i snk2020/992
|l 0
|o snkČSB 7444/3/2017
|p 17A1385813
|r 2026-02-21 22:22:12
|t č. 1-2
|w 2026-02-21
|y PREZ
|z Spoločne zviazané r. 2017-2018
|
| 952 |
|
|
|0 0
|1 0
|3 Spoločne zviazané r. 2017-2018
|4 0
|7 0
|8 0
|a SNK
|b SNK
|d 2020-01-17
|i snk2020/992
|l 0
|o snkČSB 7444/4/2018
|p 17A1385812
|r 2026-02-21 22:22:12
|t č. 1-2
|w 2026-02-21
|y PREZ
|z Spoločne zviazané r. 2017-2018
|